000 00598nam a2200229Ia 4500
003 OSt
005 20220924113853.0
006 a|||||r|||| 00| 0
007 ta
008 220923b |||||||| |||| 00| 0 urd d
024 _a317181
037 _cTextual
040 _aARTS
_cARTS
_burd
041 _2urd
_aurd
082 _aO168,1NMEx, H4
100 _aUsmani Mehar
_9170573
245 0 _aTajalliyat
260 _aAgra
_bMaktaba Qasrul Adab India
_c1944
650 _aURDU POETRY
942 _hO168,1NMEx, H4
_cTEXL
_2CC
999 _c390673
_d390673